000 00694nam a22001937a 4500
005 20160922111704.0
010 _aENG-116073
020 _a9788123018508
_c180.00
035 _aEN-99605
037 _bDBAD/PUB
082 _a921
100 _aSethna,Khorshed Adi
245 _aBuilders of modren India :
_cby Khorshid Adi Sethna
_bMadame Bhikhaji Rustom Cama /
260 _aNew Delhi
_bPublication Division
_c2013
270 _aMinistory of Information and Boardcasting Government Of India,Soochna Bhawan,CGO Complex,Lodhi Road
_bNew Delhi
_e110003
300 _a172p.
_c22cm(Hb)
500 _aIncludes bibliographical references and index
942 _2ddc
_cEN
_h921
_mCAM
999 _c103535
_d103535